Zkušební obrazce : ČSN 01 3820. Schválena 4. 9. 1978

Gespeichert in:
Bibliographische Detailangaben
Format: Buch
Sprache:Tschechisch
Veröffentlicht: Praha : Vydavatelství Úřadu pro normalizaci a měření, 1979
Tags: Tag hinzufügen
Keine Tags, Fügen Sie das erste Tag hinzu!

MARC

LEADER 00000nam a22000003a 4500
001 0108602
003 SK-STU
005 20240305131103.3
007 ta
008 240305s ----xo-----e------000-0-----d
040 |a STU  |b slo 
041 0 |a cze 
044 |a xr 
245 1 0 |a Zkušební obrazce :  |b ČSN 01 3820. Schválena 4. 9. 1978 
260 |a Praha :  |b Vydavatelství Úřadu pro normalizaci a měření,  |c 1979 
300 |a 9 s. 
996 |b 284EO00613  |c E*O-613  |l EE0101  |s P  |a 0  |w 0108602_0001